Závery stranícko-hospodárskeho aktívu funkcionárov KSS, ROH, SZM a vedúcich hospodárskych pracovníkov rezortu Ministerstva stavebníctva SSR, konaného dňa 10. februára 1977

Bibliographic Details
Main Author: Účastníci stranícko-hospodárskeho aktívu rezortu Ministerstva stavebníctva SSR (Author)
Format: Article
Language:Slovak
Subjects:

MARC

LEADER 00000nab a2200000Ia 4500
001 vtls010744300
005 20260512075044.0
008 250718|1977 xo |||||||||||||||||slo|
035 |a (urnnbn)urn:nbn:sk:snk:ar-a02gj6 
035 |a (uuid)874cf464-1161-4dc6-a4c9-188edbe3408b 
035 |a urn:nbn:sk:snk-ab4kxe 
040 |a SNKBUCL  |b slo  |c SNKBUCL  |e AACR2 
041 0 |a slo 
044 |a xo  |c SK 
080 |a 354.11/.86  |2 2001 
080 |a 69  |2 2001 
080 |a 338.2  |2 2001 
100 1 |a Účastníci stranícko-hospodárskeho aktívu rezortu Ministerstva stavebníctva SSR  |4 aut  |9 1606657 
245 1 0 |a Závery stranícko-hospodárskeho aktívu funkcionárov KSS, ROH, SZM a vedúcich hospodárskych pracovníkov rezortu Ministerstva stavebníctva SSR, konaného dňa 10. februára 1977  |c Účastníci Stranícko-Hospodárskeho Aktívu Rezortu Ministerstva Stavebníctva Ssr 
610 7 |a Komunistická strana Československa  |2 SNKKA  |9 32256 
610 1 7 |a Slovensko.  |b Ministerstvo stavebníctva  |2 SNKKA  |9 764198 
648 7 |a 10.2.1977  |2 SNK  |9 1606659 
650 0 7 |a ministerstvá  |2 SNKPH  |9 30622 
650 0 7 |a stavebníctvo  |2 SNKPH  |9 726 
650 0 7 |a hospodárska politika  |2 SNKPH  |9 2279 
773 0 |t Ekonomika stavebníctva  |g Roč. 12, č. 5 (1977), s. 155-156 
852 |a Slovenská národná knižnica 
954 |a odborná, vedecká literatúra pôvodná (slovenská)  |2 lita 
958 |a article3 
958 |a OND 
958 |a EUIPO 
999 |c 3308416  |d 3310346